=LDR 00000nam 2200000 4500 =001 INLIS000000000028118 =005 20260211025419 =035 ##$$a 0010-061300000028118 =008 260211################e##########0#ind## =041 ##$$a Ind =082 ##$$a 813 =090 ##$$a F.Rom.D, Din k =100 ##$$a Dini, NH =245 1#$$a Kuncup berseri ( cerita kenangan ), /$c NH. Dini =260 ##$$a Jakarta :$b Gramedia Pustaka Utama,$c 2009 =300 ##$$a 263 hlm, 19 cm ; $c 21 cm =650 #4$$a Fiksi Dewasa =850 ##$$a NBPNMAT =084 ##$$a 813 DIN k =250 ##$$a Cet. 4 =990 ##$$a 92797/BPAP-NTB/2014 =990 ##$$a 20705554/Pb-07 =990 ##$$a 08850885 =990 ##$$a 21101280 =990 ##$$a 92797/BPAP-NTB/2014 =990 ##$$a 20705554/Pb-07